Chinese look at literature (Record no. 1082506)

MARC details
000 -LEADER
fixed length control field 00715nam a2200241Ia 4500
003 - CONTROL NUMBER IDENTIFIER
control field OSt
005 - DATE AND TIME OF LATEST TRANSACTION
control field 20221006145316.0
008 - FIXED-LENGTH DATA ELEMENTS--GENERAL INFORMATION
fixed length control field 221006b |||||||| |||| 00| 0 eng d
020 ## - INTERNATIONAL STANDARD BOOK NUMBER
-- 3.00
037 ## - SOURCE OF ACQUISITION
Terms of availability Textual
040 ## - CATALOGING SOURCE
Original cataloging agency EASL
Transcribing agency EASL
Language of cataloging eng
041 ## - LANGUAGE CODE
Source of code eng
Language code of text/sound track or separate title eng
100 ## - MAIN ENTRY--PERSONAL NAME
Personal name POLLARD David E
9 (RLIN) 654097
245 #0 - TITLE STATEMENT
Title Chinese look at literature
Remainder of title The literary values of Chou Tso-jen in relation to the tradition
260 ## - PUBLICATION, DISTRIBUTION, ETC.
Place of publication, distribution, etc. Berkeley
Name of publisher, distributor, etc. California Unviersity Press
Date of publication, distribution, etc. 1973
300 ## - PHYSICAL DESCRIPTION
Extent 183p.
Dimensions cm.
942 ## - ADDED ENTRY ELEMENTS (KOHA)
Classification part O41:gxM85, 111L3
Koha item type Textual
Source of classification or shelving scheme Colon Classification (CC)
Holdings
Withdrawn status Lost status Source of classification or shelving scheme Damaged status Not for loan Home library Current library Date acquired Total Checkouts Full call number Barcode Date last seen Price effective from Koha item type
  Lost and Paid For Colon Classification (CC)     Department of East Asian Studies Library Department of East Asian Studies Library 2022-10-06   O41:gxM85 111L3 EA0513798 2022-10-06 2022-10-06 Textual
Copyright @ Delhi University Library System